[Event "29th World Junior Girls"]
[Site "Chennai IND"]
[Date "2011.08.02"]
[Round "1.4"]
[White "Michelle Catherina, P"]
[Black "Girya, Olga"]
[Result "0-1"]
[BlackTitle "WGM"]
[WhiteElo "2052"]
[BlackElo "2371"]
[WhiteFideId "5005736"]
[BlackFideId "4195752"]
[EventDate "2011.08.02"]

1. e4 c6 2. d4 d5 3. f3 e6 4. Nc3 Bb4 5. Bf4 Ne7 6. Ne2 O-O 7. Qd3 b6 8. O-O-O
Ba6 9. Qe3 c5 10. a3 Bxc3 11. Qxc3 Bxe2 12. Bxe2 c4 13. Rhe1 Nbc6 14. Bg5 b5 15.
exd5 exd5 16. Bf1 Re8 17. g3 a5 18. Bxe7 Rxe7 19. Rxe7 Qxe7 20. Re1 Qf6 21. Qe3
g6 22. f4 b4 23. a4 Rd8 24. Bg2 Kg7 25. Rd1 Rd6 26. Qf2 Qf5 27. h3 h5 28. Re1
Rf6 29. h4 b3 30. c3 Re6 31. Rxe6 Qxe6 32. Bf3 Ne7 33. Kd2 Nf5 34. Qg1 Kf8 35.
Qf2 Ke7 36. g4 hxg4 37. Bxg4 Kd6 38. Bxf5 Qxf5 39. Ke2 Qe4+ 40. Kd1 Qb1+ 41. Kd2
Qxb2+ 0-1

[Event "29th World Junior Girls"]
[Site "Chennai IND"]
[Date "2011.08.03"]
[Round "2.6"]
[White "Bulmaga, Irina"]
[Black "Heredia Serrano, Carla"]
[Result "1-0"]
[WhiteTitle "WIM"]
[BlackTitle "WIM"]
[WhiteElo "2293"]
[BlackElo "2072"]
[WhiteFideId "13903063"]
[BlackFideId "3603687"]
[EventDate "2011.08.02"]

1. e4 c6 2. d4 d5 3. e5 Bf5 4. Nf3 e6 5. Be2 Ne7 6. O-O c5 7. c4 Nbc6 8. Na3 a6
9. dxc5 d4 10. Qa4 d3 11. Rd1 Ng6 12. Nc2 Bxc5 13. Be3 Bxe3 14. Nxe3 Be4 15. c5
Bxf3 16. Bxf3 Nxe5 17. Bxc6+ Nxc6 18. Nc4 O-O 19. Nd6 Qg5 20. Qc4 Ne5 21. Qe4
Nd7 22. b4 a5 23. Qxb7 Nf6 24. Rxd3 Rab8 25. Qf3 Rxb4 26. c6 Nd5 27. Rad1 h6 28.
Rxd5 exd5 29. c7 Qe7 30. c8=Q Rxc8 31. Nxc8 Qc7 32. Qxd5 Qxc8 33. Qxa5 Rd4 34.
Re1 Qd7 35. h3 Ra4 36. Qb6 Rxa2 37. Qb8+ Kh7 38. Qb1+ 1-0

[Event "29th World Junior Girls"]
[Site "Chennai IND"]
[Date "2011.08.03"]
[Round "2.12"]
[White "Mahalakshmi, M"]
[Black "Lkhamsuren, Uuganbayar"]
[Result "1/2-1/2"]
[WhiteTitle "WFM"]
[BlackTitle "WFM"]
[WhiteElo "1901"]
[BlackElo "2163"]
[WhiteFideId "5001080"]
[BlackFideId "4901347"]
[EventDate "2011.08.02"]

1. d4 e6 2. c4 Nf6 3. Nc3 Bb4 4. e3 O-O 5. Ne2 d5 6. a3 Be7 7. Ng3 Re8 8. Bd3
dxc4 9. Bxc4 c5 10. dxc5 Qxd1+ 11. Kxd1 Bxc5 12. b4 Bf8 13. Bb2 Nbd7 14. Ke2 Nb6
15. Bb3 Bd7 16. Rhd1 Rac8 17. e4 e5 18. Nf1 Nc4 19. Bxc4 Rxc4 20. Ne3 Rcc8 21.
f3 g6 22. g4 Be6 23. h4 a6 24. Rd2 Nd7 25. Ncd5 f6 26. g5 f5 27. Rg1 Bg7 28.
exf5 gxf5 29. Nf6+ Bxf6 30. gxf6+ Kf8 31. Rg7 Nxf6 32. Rxb7 f4 33. Ng2 Bc4+ 34.
Kf2 e4 35. Rd6 e3+ 36. Ke1 Nd5 37. Rxh7 Rcd8 38. Rxd8 Rxd8 39. Rh8+ Ke7 40. Rxd8
Kxd8 41. Be5 Ke7 42. Bxf4 e2 43. Bd2 Kf6 44. h5 Bd3 45. Nh4 Nc7 46. f4 Kg7 47.
f5 Nb5 48. h6+ Kh7 49. f6 Nd6 50. Ng2 Bb5 51. Nf4 Kxh6 52. Nxe2+ Kg6 53. Bc3 Ne4
54. Bd4 Nxf6 1/2-1/2

[Event "29th World Junior Girls"]
[Site "Chennai IND"]
[Date "2011.08.04"]
[Round "3.8"]
[White "Romero Echeverria, Abigail"]
[Black "Nakhbayeva, Guliskhan"]
[Result "0-1"]
[WhiteTitle "WFM"]
[BlackTitle "WIM"]
[WhiteElo "2071"]
[BlackElo "2222"]
[WhiteFideId "3603806"]
[BlackFideId "13704788"]
[EventDate "2011.08.02"]

1. e4 e6 2. d4 d5 3. Nc3 Bb4 4. Ne2 Nf6 5. Bg5 dxe4 6. a3 Be7 7. Qd2 a6 8. Bxf6
Bxf6 9. Nxe4 Be7 10. O-O-O O-O 11. h4 b5 12. g4 Bb7 13. Bg2 Nc6 14. Kb1 b4 15.
a4 Na5 16. Qd3 f5 17. d5 fxe4 18. Bxe4 Bxd5 19. Bxh7+ Kh8 20. Be4 b3 21. Qc3
bxc2+ 22. Bxc2 Nc6 23. Qd3 Ba2+ 24. Ka1 Qxd3 25. Bxd3 Bd5 26. Rh2 Ne5 27. g5
Nxd3 28. Rxd3 Bd6 0-1

[Event "29th World Junior Girls"]
[Site "Chennai IND"]
[Date "2011.08.04"]
[Round "3.32"]
[White "Mejia Salinas, Lluvia Angelica"]
[Black "Savetha, C H"]
[Result "0-1"]
[WhiteTitle "WCM"]
[WhiteElo "1889"]
[BlackElo "1992"]
[WhiteFideId "5101743"]
[BlackFideId "5042224"]
[EventDate "2011.08.02"]

1. e4 c5 2. Nf3 Nc6 3. d4 cxd4 4. Nxd4 Nf6 5. Nc3 e5 6. Ndb5 d6 7. Bg5 a6 8. Na3
b5 9. Nd5 Be7 10. Bxf6 Bxf6 11. c3 Bg5 12. Bd3 O-O 13. O-O Be6 14. f4 exf4 15.
Nxf4 Bxf4 16. Rxf4 Qg5 17. Rf2 Ne5 18. Qd2 Qg6 19. Rf4 Rad8 20. Nc2 d5 21. Nd4
Bh3 22. g3 Qg5 23. Rd1 dxe4 24. Bxe4 f5 25. Bh1 Qh6 26. Rf2 Qb6 27. Qc1 Ng4 28.
Re2 Nf6 29. Rde1 Rd6 30. Re7 Ne4 31. Bxe4 fxe4 32. Qg5 Rg6 33. Qh4 Bf5 34. Kg2
Rg4 35. Qh5 Qf6 36. Nxf5 Rg5 37. Qd1 Rxf5 38. R7xe4 Rf2+ 39. Kg1 Rxb2 40. Rf4
Qb6+ 41. Rd4 b4 42. c4 Rxa2 43. Re4 Raf2 44. Qb3 Rf1+ 45. Kg2 R8f2+ 46. Kh3 Qh6+
47. Rh4 Qe6+ 48. Rdg4 Rxh2+ 49. Kxh2 Qe2+ 0-1

[Event "29th World Junior Girls"]
[Site "Chennai IND"]
[Date "2011.08.05"]
[Round "4.3"]
[White "Girya, Olga"]
[Black "Kazimova, Narmin Nizami qizi"]
[Result "1-0"]
[WhiteTitle "WGM"]
[BlackTitle "WIM"]
[WhiteElo "2371"]
[BlackElo "2292"]
[WhiteFideId "4195752"]
[BlackFideId "13402951"]
[EventDate "2011.08.02"]

1. d4 Nf6 2. c4 e6 3. Nc3 Bb4 4. e3 b6 5. Ne2 c5 6. a3 Ba5 7. Rb1 Na6 8. g3 Bb7
9. d5 b5 10. Bg2 bxc4 11. O-O Bxc3 12. Nxc3 exd5 13. Nxd5 Nxd5 14. Bxd5 Qb6 15.
e4 O-O 16. Bf4 Rfe8 17. Qa4 Bxd5 18. exd5 Qb7 19. Rfe1 Rac8 20. Rxe8+ Rxe8 21.
Qxc4 h6 22. Rd1 Qb6 23. Qa4 Qb7 24. Qc4 Qb6 25. Be3 d6 26. b4 Kf8 27. Kg2 Rc8
28. Qe4 Re8 29. Qh7 f6 30. Qd3 Qb7 31. Bf4 Qb6 32. Be3 Qb7 33. Bf4 Qb6 34. b5
Nb8 35. a4 Nd7 36. a5 Qc7 37. Qh7 Re7 38. Rb1 Qb7 39. Qd3 Ne5 40. Bxe5 Rxe5 41.
b6 a6 42. Rd1 Kf7 1-0

[Event "29th World Junior Girls"]
[Site "Chennai IND"]
[Date "2011.08.05"]
[Round "4.13"]
[White "Mahalakshmi, M"]
[Black "Chandika, Divyasree"]
[Result "0-1"]
[WhiteTitle "WFM"]
[WhiteElo "1901"]
[BlackElo "2123"]
[WhiteFideId "5001080"]
[BlackFideId "5024552"]
[EventDate "2011.08.02"]

1. d4 Nf6 2. c4 e6 3. Nc3 Bb4 4. e3 b6 5. Ne2 c5 6. a3 Ba5 7. Rb1 Na6 8. Bd2 Bb7
9. Nf4 O-O 10. Bd3 d5 11. cxd5 Bxc3 12. Bxc3 Nxd5 13. Nxd5 Qxd5 14. f3 Qg5 15.
Qe2 cxd4 16. Bxd4 e5 17. Bc3 Nc5 18. Bc4 Qh4+ 19. g3 Qh3 20. e4 Rfe8 21. Qf1 Qh5
22. Qe2 a6 23. O-O b5 24. Bd3 f5 25. exf5 Nxd3 26. Qxd3 Rad8 27. Qc2 e4 28. fxe4
Bxe4 29. Qb3+ Bd5 30. Qd1 Qh3 31. Rf2 Re3 32. Rd2 Rxg3+ 33. hxg3 Qh1+ 34. Kf2
Qg2+ 35. Ke1 Qxg3+ 36. Rf2 Re8+ 37. Kf1 Bc4+ 38. Re2 Rxe2 39. Qxe2 Qf3+ 40. Kg1
Bxe2 41. Be5 Qe3+ 0-1

[Event "29th World Junior Girls"]
[Site "Chennai IND"]
[Date "2011.08.05"]
[Round "4.27"]
[White "Bala Kannamma, P"]
[Black "Savant, Riya"]
[Result "1/2-1/2"]
[BlackTitle "WCM"]
[WhiteElo "1931"]
[BlackElo "1743"]
[WhiteFideId "5081432"]
[BlackFideId "5067359"]
[EventDate "2011.08.02"]

1. e4 c5 2. Nf3 Nc6 3. d4 cxd4 4. Nxd4 Nf6 5. Nc3 g6 6. Be2 Bg7 7. Be3 O-O 8.
Nb3 a5 9. a4 Nb4 10. O-O d5 11. e5 Ne4 12. Bd4 Bf5 13. Bd3 Nc6 14. f4 Nxd4 15.
Nxd4 Qb6 16. Nb5 Bd7 17. Kh1 Bxb5 18. Bxb5 f6 19. exf6 Bxf6 20. c3 Bxd4 21. cxd4
Rac8 22. Qd3 Rc7 23. Qe3 Rfc8 24. Bd3 Qxb2 25. Bxe4 dxe4 26. Qxe4 Qxa1 27. Rxa1
Rc1+ 28. Qe1 Rxe1+ 29. Rxe1 Rc4 30. g3 Kf7 31. Re5 Rxa4 32. Rb5 Rxd4 33. Rxb7
Rd2 34. Ra7 Ra2 35. Ra6 a4 36. Kg1 a3 37. h3 h6 38. Kh1 e6 39. h4 Kf6 40. Ra5
Ra1+ 41. Kg2 a2 42. Kh2 g5 43. hxg5+ hxg5 44. Kg2 gxf4 45. gxf4 Kg6 46. Kh2 Rf1
47. Rxa2 Rxf4 48. Kg3 Kf5 49. Ra8 Rb4 50. Kf3 Rb3+ 51. Ke2 e5 52. Ra4 e4 53. Ra8 1/2-1/2

[Event "29th World Junior Girls"]
[Site "Chennai IND"]
[Date "2011.08.07"]
[Round "6.15"]
[White "Pratyusha, Bodda"]
[Black "Olsarova, Karolina"]
[Result "1-0"]
[BlackTitle "WIM"]
[WhiteElo "2064"]
[BlackElo "2282"]
[WhiteFideId "5000629"]
[BlackFideId "320242"]
[EventDate "2011.08.02"]

1. e4 e5 2. Bc4 Nf6 3. d3 Nc6 4. Nc3 Bb4 5. Ne2 d5 6. exd5 Nxd5 7. O-O Be6 8.
Bxd5 Bxd5 9. f4 O-O 10. f5 f6 11. Ng3 Bf7 12. Nce4 Re8 13. Qg4 Bf8 14. Be3 Nb4
15. Rf2 Kh8 16. Rd1 Bxa2 17. d4 Nd5 18. Bc1 Qe7 19. b3 Qb4 20. dxe5 Rxe5 21. Bd2
Qd4 22. Bc3 Ne3 23. Bxd4 Nxg4 24. Bxe5 Nxf2 25. Kxf2 fxe5 26. Nc3 Bxb3 27. cxb3
a5 28. Rd7 Bc5+ 29. Kf3 Rc8 30. Nge4 Bg1 31. f6 g6 32. Ng5 1-0

[Event "29th World Junior Girls"]
[Site "Chennai IND"]
[Date "2011.08.10"]
[Round "8.1"]
[White "Mammadova, Gulnar Marfat qizi"]
[Black "Cori T., Deysi"]
[Result "0-1"]
[WhiteTitle "WIM"]
[BlackTitle "WGM"]
[WhiteElo "2294"]
[BlackElo "2376"]
[WhiteFideId "13403508"]
[BlackFideId "3801934"]
[EventDate "2011.08.02"]

1. e4 e6 2. d4 d5 3. Nc3 Bb4 4. Ne2 dxe4 5. a3 Be7 6. Nxe4 Nf6 7. N2g3 O-O 8. c3
Nxe4 9. Nxe4 Qd5 10. Qf3 Nd7 11. Be3 f5 12. Ng5 f4 13. Qxd5 exd5 14. Ne6 fxe3
15. Nxf8 exf2+ 16. Kxf2 Bxf8 17. Bd3 Nf6 18. h3 Bd6 19. g4 Bd7 20. Rhe1 Rf8 21.
Kg2 g5 22. Rf1 Bf4 23. Rfe1 Kf7 24. Re2 h5 25. gxh5 Nxh5 26. Rf2 Rh8 27. Be2 Ng3
28. Bg4 Bxg4 29. hxg4 Ne4 30. Rf3 Rh2+ 31. Kg1 Rxb2 32. a4 Kg7 33. Kf1 0-1

[Event "29th World Junior Girls"]
[Site "Chennai IND"]
[Date "2011.08.10"]
[Round "8.8"]
[White "Ozturk, Kubra"]
[Black "Romero Echeverria, Abigail"]
[Result "1-0"]
[WhiteTitle "WIM"]
[BlackTitle "WFM"]
[WhiteElo "2258"]
[BlackElo "2071"]
[WhiteFideId "6302599"]
[BlackFideId "3603806"]
[EventDate "2011.08.02"]

1. d4 Nf6 2. c4 g6 3. Nc3 d5 4. Nf3 Bg7 5. e3 O-O 6. b4 b6 7. Bb2 c5 8. bxc5
bxc5 9. Rc1 cxd4 10. Nxd4 Bb7 11. Qb3 Qd7 12. cxd5 Nxd5 13. Na4 Nb6 14. Nc5 Qd5
15. Nxb7 Qxb7 16. Be2 e5 17. Nf3 N8d7 18. O-O Rac8 19. Ba3 Rxc1 20. Rxc1 Rc8 21.
Bc4 Nf6 22. Nxe5 Nfd5 23. Bxd5 Rxc1+ 24. Bxc1 Qxd5 25. Qxd5 Nxd5 26. Nc6 a6 27.
Bd2 f5 28. Kf1 Nc3 29. Bxc3 Bxc3 30. Ke2 Kf7 31. Kd3 Be1 32. f3 Ke6 33. Kc4 Kd6
34. Nb4 a5 35. Nd3 Bh4 36. a4 Bf6 37. e4 fxe4 38. fxe4 g5 39. e5+ Bxe5 40. Nxe5
Kxe5 41. Kb5 Kd5 42. Kxa5 Kc5 43. g4 1-0

[Event "29th World Junior Girls"]
[Site "Chennai IND"]
[Date "2011.08.10"]
[Round "8.11"]
[White "Nakhbayeva, Guliskhan"]
[Black "Pon, NKrithika"]
[Result "1/2-1/2"]
[WhiteTitle "WIM"]
[BlackTitle "WFM"]
[WhiteElo "2222"]
[BlackElo "2075"]
[WhiteFideId "13704788"]
[BlackFideId "5019354"]
[EventDate "2011.08.02"]

1. d4 Nf6 2. c4 c5 3. d5 b5 4. cxb5 a6 5. bxa6 Bxa6 6. Nc3 d6 7. g3 g6 8. Bg2
Bg7 9. Nf3 O-O 10. O-O Nbd7 11. Rb1 Ra7 12. h3 Qa8 13. Re1 Bc4 14. e4 Bxa2 15.
Nxa2 Rxa2 16. e5 dxe5 17. Nxe5 Nxe5 18. Rxe5 Qa7 19. Qe1 Re8 20. Re2 Qd7 21. Be3
Nxd5 22. Bxc5 e6 23. Qd1 Rb8 24. Qc1 h5 25. Rc2 Qa4 26. Bd6 Rd8 27. Ba3 Kh7 28.
Rc4 Qb3 29. Bf1 Rb8 30. Bd6 Rd8 31. Ba3 Rb8 32. Bd6 Rd8 33. Bc7 Rd7 34. Rc2 Bh6
35. Bc4 Bxc1 36. Bxb3 Rxb2 37. Rbxb2 Bxb2 38. Ba5 Bf6 39. h4 Rb7 40. Bc4 Kg7 41.
Kg2 Ra7 42. Bd2 Rc7 43. Bd3 1/2-1/2

[Event "29th World Junior Girls"]
[Site "Chennai IND"]
[Date "2011.08.10"]
[Round "8.12"]
[White "Bharathi, R."]
[Black "Hoang, Thi Nhu Y"]
[Result "0-1"]
[WhiteTitle "WFM"]
[BlackTitle "WIM"]
[WhiteElo "2117"]
[BlackElo "2204"]
[WhiteFideId "5044634"]
[BlackFideId "12401455"]
[EventDate "2011.08.02"]

1. e4 c6 2. d4 d5 3. Nc3 dxe4 4. Nxe4 Bf5 5. Ng3 Bg6 6. Bc4 Nd7 7. N1e2 Ngf6 8.
O-O e6 9. f4 Bf5 10. Nxf5 exf5 11. Ng3 g6 12. Re1+ Be7 13. Qe2 Nb6 14. Bb3 Nc8
15. Be3 O-O 16. c4 Ng4 17. Qd3 Bb4 18. Re2 Qh4 19. Nf1 Nd6 20. g3 Qh3 21. Bd2
Bxd2 22. Nxd2 Rae8 23. Nf3 Rxe2 24. Qxe2 Re8 25. Ne5 Kg7 26. c5 Nb5 27. Qg2
Qxg2+ 28. Kxg2 Nxd4 29. Bxf7 Rxe5 30. fxe5 Kxf7 31. Re1 Ke6 32. h3 Nxe5 33. Rd1
Nef3 34. Kf2 Kd5 35. Rc1 Ne5 36. Rc3 g5 37. a3 f4 38. gxf4 gxf4 39. b4 Ke4 0-1

[Event "29th World Junior Girls"]
[Site "Chennai IND"]
[Date "2011.08.10"]
[Round "8.13"]
[White "Terao, Juliana Sayumi"]
[Black "Hema, Priya N"]
[Result "1-0"]
[WhiteTitle "WFM"]
[WhiteElo "2168"]
[BlackElo "1885"]
[WhiteFideId "2109220"]
[BlackFideId "5059178"]
[EventDate "2011.08.02"]

1. e4 c6 2. d4 d5 3. exd5 cxd5 4. c4 Nf6 5. Nc3 Nc6 6. Bg5 Be6 7. cxd5 Nxd5 8.
Nf3 g6 9. Qd2 Bg7 10. Be2 Nb6 11. Rd1 Bd5 12. O-O O-O 13. Rfe1 Re8 14. Ne5 Be6
15. Nxc6 bxc6 16. Bf3 Nd5 17. h4 Rb8 18. h5 Qb6 19. hxg6 hxg6 20. Rxe6 fxe6 21.
Qd3 Nxc3 22. bxc3 Qb5 23. Qxg6 Qf5 24. Qxf5 exf5 25. Bxc6 Rec8 26. Bd5+ Kh8 27.
Rd3 Kh7 28. Be6 Kg6 29. Bh4 Re8 30. Rg3+ Kh5 31. Rxg7 Kxh4 32. Bf7 Rec8 33. Kh2 1-0

[Event "29th World Junior Girls"]
[Site "Chennai IND"]
[Date "2011.08.10"]
[Round "8.14"]
[White "Vo, Thi Kim Phung"]
[Black "Michelle Catherina, P"]
[Result "0-1"]
[WhiteTitle "WIM"]
[WhiteElo "2141"]
[BlackElo "2052"]
[WhiteFideId "12401838"]
[BlackFideId "5005736"]
[EventDate "2011.08.02"]

1. d4 Nf6 2. Nf3 e6 3. Bf4 c5 4. e3 b6 5. Nbd2 Bb7 6. c3 Be7 7. h3 O-O 8. Bd3 d6
9. Qe2 Nc6 10. Bh2 Re8 11. O-O Bf8 12. Rad1 Qc7 13. Ng5 Rad8 14. Nge4 Nxe4 15.
Nxe4 f5 16. Nd2 Qf7 17. dxc5 bxc5 18. Ba6 Ba8 19. Bb5 Kh8 20. e4 Qb7 21. f3 d5
22. e5 Qb6 23. Kh1 Rb8 24. a4 Bb7 25. b3 Red8 26. Bxc6 Qxc6 27. Qf2 Ba6 28. Rfe1
Bd3 29. Rc1 Ba6 30. Bg1 Rd7 31. Qg3 Kg8 32. Be3 Qb7 33. Qf2 Rc8 34. g4 Rf7 35.
gxf5 Rxf5 36. Qg3 Qc7 37. f4 Bb7 38. Kh2 Qd8 39. Nf3 Be7 40. Rcd1 Qf8 41. Rg1
Rd8 42. Rdf1 Bc6 43. b4 d4 44. cxd4 cxb4 45. Rc1 Bd5 46. Rc7 Rf7 47. Rgc1 b3 48.
Nd2 b2 49. R1c2 b1=Q 50. Nxb1 Be4 51. Nd2 Bxc2 52. Rxc2 Rc8 53. Rxc8 Qxc8 54.
Qg4 Qc3 55. Nf1 Qc2+ 56. Kg1 Qg6 57. Nd2 Bb4 58. Qxg6 hxg6 59. Ne4 Rc7 60. Ng3
Rc6 61. Kf2 Be7 62. Ne4 Rc4 63. a5 Kf7 64. Ke2 Ra4 65. Kd3 Ra3+ 66. Ke2 Rxa5 67.
Nd2 Ra2 68. Kd3 Ra3+ 69. Ke4 Rc3 70. Nb1 Rc8 71. Kd3 Bb4 72. d5 exd5 73. h4 Ke6
74. Bd2 Bxd2 75. Nxd2 Kf5 76. Kd4 Kxf4 77. Nb3 Re8 78. Nc5 Kf5 79. Nd3 a5 80.
Kxd5 Rd8+ 81. Kc4 Rxd3 0-1

[Event "29th World Junior Girls"]
[Site "Chennai IND"]
[Date "2011.08.10"]
[Round "8.15"]
[White "Eric, Jovana"]
[Black "Ivana Maria, Furtado"]
[Result "0-1"]
[WhiteTitle "WIM"]
[BlackTitle "WFM"]
[WhiteElo "2282"]
[BlackElo "2012"]
[WhiteFideId "938238"]
[BlackFideId "5048400"]
[EventDate "2011.08.02"]

1. e4 e6 2. d4 d5 3. Nd2 Nf6 4. e5 Nfd7 5. Bd3 c5 6. c3 Nc6 7. Ne2 cxd4 8. cxd4
f6 9. exf6 Nxf6 10. O-O Bd6 11. Nf3 Qc7 12. Bg5 O-O 13. Rc1 Bd7 14. Bh4 Rae8 15.
Bg3 Bxg3 16. Nxg3 Qb6 17. Qd2 Kh8 18. Bb1 e5 19. dxe5 Nxe5 20. Nxe5 Rxe5 21. b3
Rfe8 22. Qf4 Bb5 23. Rfd1 Qa5 24. h3 Bd7 25. Kh2 Qb6 26. Rd4 Ne4 27. Rcd1 Nc3
28. Rb4 Qd6 29. Qh4 h6 30. Rc1 Ne2 31. Nxe2 Re4+ 32. Qg3 Qxg3+ 33. Nxg3 Rxb4 34.
Rc7 Rd8 35. Nh5 Kg8 36. f4 d4 37. Bd3 Rb6 38. f5 Kf8 39. Nf4 Ke8 40. Nh5 Rc8 41.
Nxg7+ Kd8 42. Rxc8+ Kxc8 43. Kg3 Bb5 44. Bxb5 Rxb5 45. f6 Kd7 46. f7 Ke7 47. Ne6
Kxf7 48. Nxd4 Ra5 49. Kf3 Rxa2 50. g3 Kf6 51. Ke4 Rg2 52. Kf4 a6 53. h4 h5 54.
Kf3 Rg1 55. Kf4 b5 56. Nc6 Rc1 57. Na5 Ra1 58. b4 Ra4 59. Nc6 a5 60. Nxa5 Rxb4+
61. Kf3 Kf5 0-1

[Event "29th World Junior Girls"]
[Site "Chennai IND"]
[Date "2011.08.10"]
[Round "8.18"]
[White "Fataliyeva, Ulviyya Hasil qizi"]
[Black "Sithalatchumi, A"]
[Result "1-0"]
[WhiteTitle "WFM"]
[WhiteElo "2107"]
[BlackElo "1939"]
[WhiteFideId "13403052"]
[BlackFideId "5036186"]
[EventDate "2011.08.02"]

1. e4 e6 2. d4 d5 3. Nd2 Nf6 4. e5 Nfd7 5. Bd3 c5 6. c3 Nc6 7. Ndf3 cxd4 8. cxd4
f6 9. exf6 Nxf6 10. Nh3 Bb4+ 11. Bd2 Qa5 12. Bxb4 Qxb4+ 13. Qd2 Qxd2+ 14. Kxd2
O-O 15. Rhe1 h6 16. Nhg1 Bd7 17. h4 Rae8 18. Re2 Re7 19. Rae1 Ne8 20. a3 Nd6 21.
b4 b5 22. Nh3 Rxf3 23. gxf3 Nxd4 24. Re3 Rf7 25. Ng1 Rf4 26. h5 Nc4+ 27. Kc3 Rh4
28. Bxc4 bxc4 29. Ne2 Nxe2+ 30. R3xe2 Rf4 31. Rd1 Rxf3+ 32. Re3 Rxf2 33. Kd4 Ba4
34. Rc1 Kf7 35. Rg1 Rd2+ 36. Ke5 Rd3 37. Re2 Rf3 38. Reg2 Rf5+ 39. Kd6 Rxh5 40.
Rxg7+ Kf6 41. R1g6+ Kf5 42. Rxe6 d4 43. Rc7 d3 44. Rc5+ Kg4 45. Rxc4+ Kf3 46.
Rf6+ Ke3 47. Re6+ Kf3 48. Rd4 Bc2 49. Kc7 Rh2 50. Kb7 d2 51. Red6 d1=Q 52. Rxd1
Bxd1 53. Rxd1 Ke4 54. Kxa7 Rh3 55. a4 Rb3 56. Rh1 Kd5 57. b5 Rb4 58. Rh5+ Kd6
59. Rxh6+ Kc5 60. Ra6 1-0

[Event "29th World Junior Girls"]
[Site "Chennai IND"]
[Date "2011.08.10"]
[Round "8.19"]
[White "Martinez, Ayelen"]
[Black "Imeeva, Aisa"]
[Result "1/2-1/2"]
[WhiteElo "2011"]
[BlackElo "2094"]
[WhiteFideId "118702"]
[BlackFideId "24116157"]
[EventDate "2011.08.02"]

1. e4 e5 2. Nf3 Nc6 3. Bb5 a6 4. Ba4 Nf6 5. O-O Be7 6. Re1 b5 7. Bb3 d6 8. c3
O-O 9. h3 Na5 10. Bc2 c5 11. d4 Qc7 12. Nbd2 cxd4 13. cxd4 Be6 14. Nf1 Rfc8 15.
Bd3 Nc4 16. b3 Nb6 17. Bb2 exd4 18. Nxd4 Nbd7 19. Ne3 Bf8 20. Nxe6 fxe6 21. Ng4
e5 22. a4 Nxg4 23. hxg4 Rab8 24. axb5 axb5 25. b4 d5 26. Qb3 Qd6 27. exd5 Qxb4
28. Qxb4 Bxb4 29. Re3 Bc5 30. Re2 Rf8 31. Bf5 Rf7 32. Ra5 Bb4 33. Ra7 Bc5 1/2-1/2

[Event "29th World Junior Girls"]
[Site "Chennai IND"]
[Date "2011.08.10"]
[Round "8.21"]
[White "Frayna, Janelle Mae"]
[Black "Hannes, Diana"]
[Result "1-0"]
[BlackTitle "WFM"]
[WhiteElo "1875"]
[BlackElo "2188"]
[WhiteFideId "5212499"]
[BlackFideId "24611344"]
[EventDate "2011.08.02"]

1. c4 e6 2. g3 d5 3. Bg2 Nf6 4. Nf3 dxc4 5. O-O Nbd7 6. Qc2 Nb6 7. a4 a5 8. Na3
Bxa3 9. Rxa3 O-O 10. d3 cxd3 11. Rxd3 Nfd5 12. Ng5 Nb4 13. Rxd8 Nxc2 14. Rfd1
Nd5 15. Rxf8+ Kxf8 16. Nxh7+ Kg8 17. Ng5 Bd7 18. b3 Bc6 19. Rd2 Ncb4 20. Bb2 Re8
21. Nf3 Nb6 22. Ne5 Bxg2 23. Kxg2 f6 24. Nd7 N4d5 25. Nc5 Kf7 26. Nxb7 Ra8 27.
e4 Nb4 28. Ba3 Nc6 29. Rc2 Rb8 30. Nc5 Nd4 31. Rc3 Ra8 32. Nb7 Rc8 33. Bc5 Nc6
34. Bxb6 cxb6 35. Nd6+ 1-0

[Event "29th World Junior Girls"]
[Site "Chennai IND"]
[Date "2011.08.10"]
[Round "8.22"]
[White "Deur Saric, Zrinka"]
[Black "Shetye, Siddhali"]
[Result "1/2-1/2"]
[WhiteElo "2116"]
[BlackElo "1890"]
[WhiteFideId "14512670"]
[BlackFideId "5038294"]
[EventDate "2011.08.02"]

1. e4 e5 2. Nf3 Nc6 3. Bb5 a6 4. Ba4 Nf6 5. O-O b5 6. Bb3 Bc5 7. c3 d6 8. d4 Bb6
9. a4 Rb8 10. axb5 axb5 11. Na3 O-O 12. Nxb5 Bg4 13. Re1 Bxf3 14. gxf3 Nh5 15.
Kh1 Qh4 16. Rg1 Nf4 17. Bxf4 Qxf4 18. Ba4 Ne7 19. Rg4 Qf6 20. Qd3 Ng6 21. Rag1
Kh8 22. R4g3 c6 23. Na3 exd4 24. Nc4 Ba7 25. Rd1 d5 26. Na5 Ne5 27. Qf1 dxc3 28.
bxc3 Rb2 29. Nxc6 Rxf2 30. Qh3 Nxc6 31. Qd7 Rxf3 32. Qxc6 Rf1+ 33. Kg2 Rf2+ 34.
Kh3 Qxc6 35. Bxc6 1/2-1/2

[Event "29th World Junior Girls"]
[Site "Chennai IND"]
[Date "2011.08.10"]
[Round "8.23"]
[White "Heredia Serrano, Carla"]
[Black "Shweta, Gole"]
[Result "0-1"]
[WhiteTitle "WIM"]
[WhiteElo "2072"]
[BlackElo "1922"]
[WhiteFideId "3603687"]
[BlackFideId "5068487"]
[EventDate "2011.08.02"]

1. e4 c5 2. Nc3 a6 3. Nf3 d6 4. g3 e5 5. Bg2 g6 6. O-O Bg7 7. d3 Nc6 8. Be3 Nd4
9. Nd5 Be6 10. c3 Bxd5 11. Nxd4 cxd4 12. cxd4 Bc6 13. d5 Bd7 14. f4 Nf6 15. fxe5
dxe5 16. Bc5 Bg4 17. Qb3 Nd7 18. Be3 Nf6 19. h3 Bc8 20. d4 Nd7 21. dxe5 Bxe5 22.
Kh2 O-O 23. Bh6 Re8 24. d6 Re6 25. Rad1 Qb6 26. Qf3 Rf6 27. Qe2 Rxd6 28. Qc4 Nf6
29. Bg5 Be6 30. Qe2 Nh5 31. Bf4 Rxd1 32. Qxd1 Bxf4 33. gxf4 Bc4 34. Rf3 Qxb2 35.
Qd7 Qb5 36. Qd4 Be2 37. Rb3 Qc4 38. Qe5 Bf1 39. Rxb7 Bxg2 40. Rb8+ Rxb8 41.
Qxb8+ Kg7 42. Qe5+ Nf6 43. Kxg2 Qxa2+ 44. Kf3 Qh2 45. Qa1 Qxh3+ 46. Kf2 Qh4+ 47.
Ke3 Qg3+ 48. Ke2 Qg2+ 0-1

[Event "29th World Junior Girls"]
[Site "Chennai IND"]
[Date "2011.08.10"]
[Round "8.24"]
[White "Sahari, J."]
[Black "Shristi, J. Shetty"]
[Result "1/2-1/2"]
[WhiteElo "1911"]
[BlackElo "1927"]
[WhiteFideId "5031591"]
[BlackFideId "5030030"]
[EventDate "2011.08.02"]

1. e4 c5 2. Nf3 Nc6 3. d4 cxd4 4. Nxd4 Nf6 5. Nc3 e5 6. Ndb5 d6 7. Bg5 a6 8. Na3
b5 9. Bxf6 gxf6 10. Nd5 f5 11. Bd3 Be6 12. O-O Bxd5 13. exd5 Ne7 14. Re1 Bg7 15.
Rb1 O-O 16. Qh5 e4 17. Bf1 Qd7 18. Qd1 Rab8 19. c4 bxc4 20. Nxc4 Rb5 21. Ne3
Rxb2 22. Rxb2 Bxb2 23. Bxa6 Ra8 24. Bc4 f4 25. Ng4 Bg7 26. h3 f5 27. Nh2 Kh8 28.
Kh1 Kg8 29. Kg1 Kh8 30. Kh1 1/2-1/2